| 000 | 00430nam a2200133Ia 4500 | ||
|---|---|---|---|
| 008 | 171212s9999 xx 000 0 und d | ||
| 020 | _a9781783741427 | ||
| 100 | _aSiklos, Stephen | ||
| 245 |
_cSiklos, Stephen _aAdvanced Problems in Mathematics _bPreparing for University |
||
| 260 |
_bOpen Book Publishers _c2016 |
||
| 440 | _aOBP Series in Mathematics | ||
| 650 | _aMathematics | ||
| 856 | _uhttp://jstor.org/stable/j.ctt19qggvb | ||
| 999 |
_c351572 _d351572 |
||